000 00939nas a2200301 4500
001 BR2011003628
003 BR-BrBNA
005 20231205115412.0
007 ta
008 230509b bl.|||p| |||| 00| 00por d
040 _aBR-BrBNA
_bpor
_cBiblioteca Nacional de Agricultura
041 _a(En)
072 _aL73; L74
100 1 _aZuccari, D.A.P.
100 1 _aCastro, R.
100 1 _aJardim, B.V.
100 1 _aMancini, U.M.
100 1 _aPolachini, G.M.
245 1 _aImmunohistochemical and molecular expression of laminin-333 gamma-2 chain in canine mammary tumors
650 _aCÂNCER
650 _aTUMOR
650 _aVETERINÁRIA
650 _aDOENÇA ANIMAL
650 _aDISTÚRBIO FISIOLÓGICO
773 0 _tArquivo Brasileiro de Medicina Veterinária e Zootecnia (Brazil)
_xISSN 0102-0935
_g(Feb 2011), v. 63(1) p. 28-35
_wBR2011003628
909 _a202311
_bLúcia
_c55
_dLúcia Elande
942 _2AGRIS
_n0
_cANA
999 _c213617
_d213617